Normal view
MARC view
Entry Personal Name
001 - CONTROL NUMBER
- control field: 89513
003 - CONTROL NUMBER IDENTIFIER
- control field: dpl
005 - DATE AND TIME OF LATEST TRANSACTION
- control field: 20260703121159.0
008 - FIXED-LENGTH DATA ELEMENTS
- fixed length control field: 260703|| aca||aabn | a|a d
040 ## - CATALOGING SOURCE
- Original cataloging agency: dpl
- Transcribing agency: dpl
100 ## - HEADING--PERSONAL NAME
- Personal name: Jariwala, Harsha V
670 ## - SOURCE DATA FOUND
- Source citation: Work cat.: (dpl)216864: Jariwala, Harsha V., Financial Literacy and Investment Decision:, 2016
